Statistiques concernant Culture Générale - Série 1132

Cliquez ici pour prendre le quiz!

Statistiques générales

  • Ce quiz a été pris 41 fois
  • Le résultat moyen est 7 sur 10

Statistiques - réponses

QuestionRéponse% Correct
Les neveux de Donald sont Riri, Loulou et...Fifi
100%
Comment dit-on "gauche" en anglais ?left
97%
Comment dit-on "droit" en anglais ?right
95%
Quel est l'infinitif, du verbe conjugué à l'imparfait du subjonctif, dans la locution : "que nous aimassions" ?aimer
95%
En 1976, quel "hôtel" est chanté par les Eagles ?California
87%
A quel État d'Asie du Sud-Est appartiennent les îles de la Sonde ?Indonésie
82%
Dans la version française de quel film des studios Disney entend-on la chanson : "Ce rêve bleu" ?Aladdin
59%
Dans les aventures de Tintin, quel est le prénom du capitaine Haddock ?Archibald
56%
Le point culminant des Pyrénées est le pic d'...Aneto
54%
Quel est le prénom de l'inspecteur "Derrick" ?Stephan
13%

Distribution des résultats

Percentile par nombre de réponses

% des personnes avec chaque résultat

Votre développement - résultats

Vous n’avez pas pris ce quiz